000 00258 a2200097 4500
999 _c216377
_d216377
020 _a9780273711926
100 _aJohnson, Gerry
245 _aExploring Corporate Strategy : texts and cases
250 _aEighth Edition
260 _bPrentince Hall : Harlow
_c2008